Características del agroturismo como actividad productiva en Costa Rica /

Sparad:
Bibliografiska uppgifter
Huvudupphovsman: Zumbado Morales, Félix
Materialtyp: Text
Taggar: Lägg till en tagg
Inga taggar, Lägg till första taggen!

MARC

LEADER 00000 a a2200000 04500
001 44905
003
040
100 |a Zumbado Morales, Félix  
245 |a Características del agroturismo como actividad productiva en Costa Rica /  |c Félix Zumbado Morales  
773 |g número135 ( , 2008), páginas 4-9 : fotos  
999 |c 28430  |d 28430